00918nam a2200265 a 450000100060000000300080000600500170001400800410003102000150007203500190008704000410010604100080014704200120015508200250016710000620019224500550025426000580030930000200036749000250038765000240041283000330043694200130046999900170048295201530049932968BD-RjUL20211209051926.0190106r19651954us 000 0 eng  c: USD 1.00 a(BD-RjUL)33058 aDLCcODaWUdOCoLCdDLCdBD-RjULbeng aeng apremarc 223a303.34bFRH 19651 aFrank, Lawrence K.q(Lawrence Kelso),d1890-1968.922664610aHow to be a modern leader /bby Lawrence K. Frank aNew York:bAssociation Press, cc1954 [Printing 1965] a62 p. ;c19 cm. aLeadership library.  0aLeadership.9226647 aLeadership library. 9226649 2ddccRAR c32968d32968 00102ddc40718RAREaRUCLbRUCLcRared2019-01-06eCollege of Social Work, R. U.l0oRA 303.34 FRH 1965r2019-01-06 00:00:00tC-1w2019-01-06yRAR